000 00536nam a22001817a 4500
005 20251126154318.0
010 _aENG-147200
020 _a9789392740213
_c550.00
035 _aEN-130732
037 _bDBAD
082 _a574
100 _aPandey , Ravi N.
_985756
245 _aAmazing Biology Projects /
_cby Ravi N. Pandey
260 _bKavita Book Center
_c2024
_aDelhi
270 _aE-5/3 Lakpatrai Choowk, Krishana Nagar,
_bDelhi
_e110052
300 _a152p.:
_c24cm(Pbk)
_billus.
942 _2ddc
_cEN
_h574
_mPAN
999 _c209726
_d209726